Countries Closest to Yugoslavia - One Minute Sprint - Statistics

General Stats
  • This quiz has been taken 142 times
  • The average score is 15 of 20
Answer Stats
km Country miles % Correct
0 Italy 0
98%
0 Greece 0
96%
0 Bulgaria 0
94%
0 Hungary 0
93%
0 Austria 0
92%
0 Romania 0
91%
118 Germany 73
90%
0 Albania 0
85%
337 Poland 204
79%
268 Turkey 167
77%
224 Switzerland 139
75%
405 France 252
74%
141 San Marino 87
67%
284 USSR 176
65%
189 Czechoslovakia 118
64%
311 Vatican City 193
60%
298 Liechtenstein 185
55%
513 Monaco 319
47%
634 Luxembourg 394
25%
669 Belgium 416
24%
No matching quizzes found
Score Distribution
Percent of People with Each Score
Percentile by Number Answered
Your Score History
You have not taken this quiz